Halka: Mazurka.

This is a performance of Halka: Mazurka, performed by Leipzig Gewandhaus Orchestra, and conducted by Kurt Masur.

Bibliographic Details
Main Author: (1819), Stanisław Moniuszko (Composer)
Corporate Author: Leipzig Gewandhaus Orchestra (Gewandhausorchester Leipzig)
Other Authors: Wübbolt, Georg (Director), Smaczny, Paul (Producer), (1927), Kurt Masur (Conductor)
Format: Video
Language:English
Published: [Place of publication not identified] : EuroArts, 2007.
Subjects:
Online Access:Connect to this streaming video (Alexander Street Press)

MARC

Tag First Indicator Second Indicator Subfields
LEADER 00000ngm a2200000Mi 4500
001 in00005555421
006 m o c
007 cr |n||||||||a
007 vz |za|z|
008 170420s2007 xx 005 e o vneng d
005 20241201231504.9
035 |a (OCoLC)on1328632033 
040 |a RBN  |b eng  |e rda  |c RBN  |d OCLCL 
035 |a (OCoLC)1328632033 
049 |a TXAM 
245 0 0 |a Halka: Mazurka. 
246 3 3 |a Mazurka from 'Halka' 
264 1 |a [Place of publication not identified] :  |b EuroArts,  |c 2007. 
300 |a 1 online resource (5 minutes) 
306 |a 000428 
336 |a two-dimensional moving image  |b tdi  |2 rdacontent 
337 |a video  |b v  |2 rdamedia 
337 |a computer  |b c  |2 rdamedia 
338 |a other  |b vz  |2 rdacarrier 
338 |a online resource  |b cr  |2 rdacarrier 
347 |a data file  |2 rda 
518 |o Performed  |p Gewandhaus, Leipzig. 
518 |o Recorded  |p Leipzig, Germany. 
500 |a Title from resource description page (viewed April 20, 2017). 
500 |a Written in 1847. 
520 |a This is a performance of Halka: Mazurka, performed by Leipzig Gewandhaus Orchestra, and conducted by Kurt Masur. 
650 4 |a Romantic. 
655 4 |a Performance. 
655 4 |a Symphony orchestra. 
655 4 |a Opera + Operetta:Opera. 
700 1 |a (1819), Stanisław Moniuszko,  |e composer. 
700 1 |a Wübbolt, Georg,  |e director. 
700 1 |a Smaczny, Paul,  |e producer. 
700 1 |a (1927), Kurt Masur,  |e conductor. 
710 2 |a Leipzig Gewandhaus Orchestra (Gewandhausorchester Leipzig) 
758 |i has work:  |a Halka: Mazurka (MovingImage)  |1 https://id.oclc.org/worldcat/entity/E39PD3rdh6BtCwwGdFKRJcxrTw  |4 https://id.oclc.org/worldcat/ontology/hasWork 
856 4 0 |u http://proxy.library.tamu.edu/login?url=https://www.aspresolver.com/aspresolver.asp?AVN2;1748270  |z Connect to this streaming video (Alexander Street Press)  |t 0 
955 |a Alexander Street Press subscription streaming video 
994 |a 92  |b TXA 
999 f f |s caf297d3-7f34-4176-9cea-8c85088b4168  |i 78ee4545-8bd9-4930-a598-6fbcb4b289ef  |t 0 
952 f f |a Texas A&M University  |b College Station  |c Electronic Resources  |d Available Online  |t 0  |h Library of Congress classification 
998 f f |t 0  |l Available Online